000
00250nam a2200097Ia 4500
001
1224941
005
20250827092936.0
008
250824s9999 xx 000 0 und d
245
0
_a
FRANTAASTİK YOLCULUK
_c
JIM BENTON
260
_b
ALTIN KİTAP YAYINLARI
999
_c
1224941
_d
1224941